00584nam a2200169Ia 4500003000900000008004100009040001600050080002100066110003100087245016700118250001200285260004800297300000900345650002200354650001800376650002000394IN-BaIIA211028s9999 xx 000 0 eng d cIIA Library a69.01:624bIND-2 aBureau of Indian Standards 0aIndian standard: method of measurement of building and civil engineering worksbpt. 2, concrete workcBureau of Indian Standards  a7th ed. aNew DelhibBureau of Indian Standardsc2009 a13p. aCivil engineering aConcrete work aIndian standard